[Event "Beijing Sportaccord Basque (Women)"]
[Site "Beijing"]
[Date "2013.12.17"]
[Round "3.2"]
[White "Muzychuk, Anna"]
[Black "Kosteniuk, Alexandra"]
[Result "0-1"]
[WhiteElo "2566"]
[BlackElo "2527"]
[PlyCount "136"]
[EventDate "2013.12.17"]
[EventType "swiss (rapid)"]
[EventRounds "5"]
[EventCountry "CHN"]
[SourceTitle "CBM 158 Extra"]
[Source "ChessBase"]
[SourceDate "2014.02.28"]
[SourceVersion "1"]
[SourceVersionDate "2014.02.28"]
[SourceQuality "1"]

1. e4 c5 2. Nf3 Nc6 3. Bb5 Nf6 4. Nc3 g6 5. e5 Ng4 6. Bxc6 dxc6 7. h3 Nh6 8. g4
Bg7 9. Qe2 O-O 10. d3 f5 11. Bxh6 fxg4 12. Nd2 Bxh6 13. hxg4 Bf4 14. O-O-O Qd4
15. Nce4 Be6 16. Kb1 Qxe5 17. Nc4 Bxc4 18. dxc4 Rad8 19. f3 a6 20. c3 b5 21.
Qf2 bxc4 22. Rde1 Rd5 23. Qe2 Rd3 24. Qf2 Rb8 25. g5 Qf5 26. Qh4 Qf7 27. Nf6+
exf6 28. Qxf4 Qb7 29. Qxc4+ Rd5 30. Re2 fxg5 31. Rhe1 Qb5 32. Qe4 Qd3+ 33. Qxd3
Rxd3 34. Re5 Rxc3 35. Rxg5 Rxf3 36. Rxc5 Rf2 37. b3 Rf6 38. Re7 Rb5 39. Rc2 Rd5
40. Ra7 a5 41. a4 h5 42. b4 axb4 43. a5 c5 44. a6 Rdd6 45. Re2 c4 46. Ra8+ Kg7
47. a7 Rf1+ 48. Kb2 Ra6 49. Re7+ Kf6 50. Rb7 Rf2+ 51. Kb1 Rfa2 52. Rf8+ Kg5 53.
Rb5+ Kh6 54. Rxb4 Rxa7 55. Rxc4 Rg2 56. Rh8+ Kg7 57. Rcc8 Re7 58. Rhg8+ Kh6 59.
Rh8+ Kg5 60. Rc5+ Kg4 61. Rc1 Re4 62. Rh1 Rb4+ 63. Kc1 Ra4 64. Kb1 Rf4 65. Rh7
Kg3 66. Rh6 Rf6 67. Rd1 Kg4 68. Rh8 g5 0-1

[Event "Beijing Sportaccord Basque (Women)"]
[Site "Beijing"]
[Date "2013.12.18"]
[Round "4.1"]
[White "Kosintseva, Tatiana"]
[Black "Kosteniuk, Alexandra"]
[Result "1/2-1/2"]
[WhiteElo "2496"]
[BlackElo "2527"]
[PlyCount "106"]
[EventDate "2013.12.17"]
[EventType "swiss (rapid)"]
[EventRounds "5"]
[EventCountry "CHN"]
[SourceTitle "CBM 158 Extra"]
[Source "ChessBase"]
[SourceDate "2014.02.28"]
[SourceVersion "1"]
[SourceVersionDate "2014.02.28"]
[SourceQuality "1"]

1. e4 e5 2. Nf3 Nc6 3. Bb5 a6 4. Ba4 Nf6 5. O-O Bc5 6. c3 b5 7. Bb3 d6 8. d3
O-O 9. h3 h6 10. Re1 Re8 11. Nbd2 Ba7 12. Nf1 Ne7 13. Ng3 Ng6 14. a4 Bb7 15.
Be3 Bxe3 16. fxe3 d5 17. exd5 Nxd5 18. Qe2 c5 19. Qf2 Qc7 20. Bc2 b4 21. c4 Nf6
22. Nd2 Rad8 23. b3 Re6 24. Nf5 Ne7 25. Ng3 Red6 26. Rf1 Rf8 27. Rad1 Bc8 28.
Nf3 Nd7 29. d4 exd4 30. exd4 cxd4 31. Ne4 Rg6 32. Nxd4 Ne5 33. Ng3 Rf6 34. Qe3
Rxf1+ 35. Rxf1 N7g6 36. Ndf5 Rd8 37. Nh5 Bxf5 38. Bxf5 Qd6 39. Nf4 Ne7 40. Bc2
Qd4 41. Qxd4 Rxd4 42. Re1 f6 43. Ne6 Rd2 44. Be4 Kf7 45. Nc7 a5 46. Nb5 N7g6
47. c5 Ne7 48. Rc1 N7c6 49. Nd6+ Ke7 50. Nf5+ Kf7 51. Nd6+ Ke7 52. Nf5+ Kf7 53.
Nd6+ Ke7 1/2-1/2

[Event "Beijing Sportaccord Basque (Women)"]
[Site "Beijing"]
[Date "2013.12.18"]
[Round "4.2"]
[White "Kosteniuk, Alexandra"]
[Black "Kosintseva, Tatiana"]
[Result "1-0"]
[WhiteElo "2527"]
[BlackElo "2496"]
[PlyCount "173"]
[EventDate "2013.12.17"]
[EventType "swiss (rapid)"]
[EventRounds "5"]
[EventCountry "CHN"]
[SourceTitle "CBM 158 Extra"]
[Source "ChessBase"]
[SourceDate "2014.02.28"]
[SourceVersion "1"]
[SourceVersionDate "2014.02.28"]
[SourceQuality "1"]

1. e4 c5 2. Nf3 d6 3. d4 cxd4 4. Nxd4 Nf6 5. Nc3 g6 6. Be3 Bg7 7. f3 O-O 8. Qd2
Nc6 9. g4 Be6 10. Nxe6 fxe6 11. g5 Nh5 12. f4 e5 13. f5 Nd4 14. Be2 Nxe2 15.
Qxe2 Rc8 16. Nd5 Nf4 17. Bxf4 exf4 18. O-O-O e6 19. f6 exd5 20. fxg7 Kxg7 21.
Rxd5 Rc5 22. h4 Rxd5 23. exd5 f3 24. Qe3 Qb6 25. Qxb6 axb6 26. Kd2 f2 27. Ke2
Rf4 28. Rf1 Rxh4 29. Rxf2 Rd4 30. Kf3 Rxd5 31. Kg4 Rd4+ 32. Kg3 Rd5 33. Kg4 b5
34. Rf3 Rd4+ 35. Kg3 Rc4 36. Rf2 b4 37. Rd2 Rc5 38. Kg4 d5 39. Re2 Rc4+ 40. Kg3
Kf7 41. Kf3 b5 42. Kg3 Rc7 43. Kf4 Ra7 44. Re5 Rxa2 45. Rxd5 Rxb2 46. Rxb5 Ke6
47. Ke4 Kd6 48. Kd3 Kc6 49. Rb8 Rb1 50. Ke4 Rg1 51. Kf4 Kc5 52. Rb7 Rh1 53. Ke3
Rh4 54. Kd3 Rh3+ 55. Ke4 Kc4 56. Ke5 Kc3 57. Rc7+ Kb2 58. Rb7 Rh4 59. Rc7 Rh2
60. Rb7 Kc3 61. Rc7+ Kb2 62. Rb7 Rh4 63. Rc7 Rh3 64. Rb7 Kc3 65. Rc7+ Kd2 66.
Rb7 Rh4 67. Rc7 Ke3 68. Kf6 Kf3 69. Rb7 Rc4 70. Kg7 Kg4 71. Kh6 Kf4 72. Rb5
Rxc2 73. Rxb4+ Kf5 74. Rb5+ Kf4 75. Kxh7 Rc6 76. Kh6 Rd6 77. Rb8 Re6 78. Rf8+
Ke5 79. Kg7 Ra6 80. Rf6 Ra1 81. Kxg6 Rg1 82. Kh6 Rh1+ 83. Kg7 Rg1 84. g6 Rg2
85. Kf7 Ra2 86. g7 Ra7+ 87. Kg6 1-0

[Event "Beijing Sportaccord Basque (Women)"]
[Site "Beijing"]
[Date "2013.12.18"]
[Round "5.1"]
[White "Kosteniuk, Alexandra"]
[Black "Paehtz, Elisabeth"]
[Result "1-0"]
[WhiteElo "2527"]
[BlackElo "2452"]
[PlyCount "91"]
[EventDate "2013.12.17"]
[EventType "swiss (rapid)"]
[EventRounds "5"]
[EventCountry "CHN"]
[SourceTitle "CBM 158 Extra"]
[Source "ChessBase"]
[SourceDate "2014.02.28"]
[SourceVersion "1"]
[SourceVersionDate "2014.02.28"]
[SourceQuality "1"]

1. e4 g6 2. d4 Bg7 3. Nc3 d6 4. Be3 a6 5. Qd2 Nd7 6. a4 e6 7. Nf3 b6 8. Bd3 Bb7
9. O-O Qe7 10. Rfe1 h6 11. Rad1 Ngf6 12. h3 e5 13. Qc1 O-O-O 14. a5 b5 15. dxe5
dxe5 16. Nd2 Nc5 17. Nb3 Nxb3 18. cxb3 Qb4 19. Bb6 Rd7 20. Bxb5 axb5 21. Rxd7
Nxd7 22. Nd5 Qxe1+ 23. Qxe1 Bxd5 24. Qc1 Bc4 25. bxc4 cxb6 26. cxb5+ Kd8 27. a6
Ke7 28. Qc6 Rd8 29. a7 Bf8 30. a8=Q Rxa8 31. Qxa8 Ke6 32. Qe8+ Be7 33. g4 g5
34. h4 gxh4 35. Kg2 Kd6 36. Qxf7 Bg5 37. Qd5+ Ke7 38. Qc6 Ke8 39. Kf3 Ke7 40.
Kg2 Ke8 41. Kh3 Ke7 42. Qd5 Kd8 43. Qe6 Kc7 44. f4 exf4 45. e5 f3 46. Qd6+ 1-0

[Event "Beijing Sportaccord Basque (Women)"]
[Site "Beijing"]
[Date "2013.12.18"]
[Round "5.2"]
[White "Paehtz, Elisabeth"]
[Black "Kosteniuk, Alexandra"]
[Result "0-1"]
[WhiteElo "2452"]
[BlackElo "2527"]
[PlyCount "212"]
[EventDate "2013.12.17"]
[EventType "swiss (rapid)"]
[EventRounds "5"]
[EventCountry "CHN"]
[SourceTitle "CBM 158 Extra"]
[Source "ChessBase"]
[SourceDate "2014.02.28"]
[SourceVersion "1"]
[SourceVersionDate "2014.02.28"]
[SourceQuality "1"]

1. Nf3 d5 2. c4 e6 3. g3 dxc4 4. Qa4+ Bd7 5. Qxc4 c5 6. Bg2 Bc6 7. Nc3 Nd7 8.
O-O Rc8 9. Qb3 Ngf6 10. d3 Be7 11. Re1 O-O 12. a4 Nd5 13. e4 Nb4 14. Bf1 c4 15.
dxc4 Nc5 16. Qxb4 Nxe4 17. Qxe7 Qxe7 18. Nxe4 Qb4 19. Re3 Rfd8 20. Nc3 b6 21.
Ne5 Be8 22. Ra3 f6 23. Nd3 Qd6 24. Nf4 Bf7 25. Rd3 Qe7 26. Be3 Qb4 27. Nb5 g5
28. Rxd8+ Rxd8 29. Nd3 Qxc4 30. Nxa7 Qc7 31. Nb5 Qb7 32. Rc3 Bg6 33. Rc7 Qf3
34. Ne1 Qd1 35. Rc1 Qxa4 36. Bxb6 Rb8 37. Nc3 Qb3 38. Bd4 e5 39. Be3 Qxb2 40.
Nd5 Rf8 41. Rc7 Be4 42. Nc3 Ba8 43. Bd3 h6 44. Bh7+ Kh8 45. Bf5 Qa1 46. Kf1 Rd8
47. h4 Qa5 48. Rc5 Qa6+ 49. Kg1 Qa1 50. Bb1 Rb8 51. Kf1 Qa6+ 52. Bd3 Qb7 53.
Be4 Qa6+ 54. Bd3 Qb7 55. Nd5 Rc8 56. Rxc8+ Qxc8 57. Nxf6 Qh3+ 58. Ke2 gxh4 59.
Be4 Bxe4 60. Nxe4 Qh1 61. Nf3 h3 62. Bxh6 h2 63. Bg5 Qxf3+ 64. Kxf3 h1=Q+ 65.
Ke3 Qe1+ 66. Kf3 Qh1+ 67. Ke3 Kh7 68. Bf6 Kg6 69. g4 Qc1+ 70. Kd3 Qf4 71. Bg5
Qxg4 72. Be3 Qf5 73. Bc5 Kf7 74. Ke3 Qf4+ 75. Kd3 Ke6 76. Nd2 Kd5 77. Be3 Qf5+
78. Ke2 e4 79. Kf1 Qg4 80. Ke1 Kc6 81. Nf1 Kb5 82. Nd2 Kb4 83. Bd4 Qh5 84. Be3
Qh1+ 85. Ke2 Kc3 86. Bf4 Kc2 87. Ke3 Qe1+ 88. Kd4 Qxf2+ 89. Be3 Qf6+ 90. Kxe4
Qc3 91. Nf3 Qc6+ 92. Kf4 Qd6+ 93. Ke4 Qe7+ 94. Ne5 Kc3 95. Bd4+ Kd2 96. Be3+
Ke2 97. Bd4 Qe6 98. Bc3 Qe8 99. Bd4 Qa8+ 100. Kf5 Qd5 101. Bb6 Qd6 102. Bg1 Qd1
103. Bh2 Qb1+ 104. Ke6 Ke3 105. Bg3 Ke4 106. Bh2 Qa2+ 0-1

[Event "Moscow-ch Superfinal (Women)"]
[Site "Moscow"]
[Date "2014.01.30"]
[Round "1"]
[White "Mirzoeva, Elmira"]
[Black "Kosteniuk, Alexandra"]
[Result "1/2-1/2"]
[WhiteElo "2235"]
[BlackElo "2527"]
[PlyCount "132"]
[EventDate "2014.01.30"]
[EventType "tourn (rapid)"]
[EventRounds "9"]
[EventCountry "RUS"]
[EventCategory "4"]
[SourceTitle "CBM 158 Extra"]
[Source "ChessBase"]
[SourceDate "2014.02.28"]
[SourceVersion "1"]
[SourceVersionDate "2014.02.28"]
[SourceQuality "1"]

1. d4 Nf6 2. c4 e6 3. Nf3 Bb4+ 4. Nbd2 O-O 5. a3 Be7 6. e4 d6 7. Be2 Nbd7 8.
O-O e5 9. Re1 a5 10. b3 Re8 11. Bb2 Bf8 12. Bf1 c6 13. Qc2 exd4 14. Nxd4 Qb6
15. h3 Ne5 16. Rad1 Bd7 17. g3 Rac8 18. Bg2 Qa7 19. Kh2 b5 20. f4 Ng6 21. Nf5
Nh5 22. Bd4 Qb8 23. Bf3 Nhxf4 24. gxf4 Nxf4 25. Nf1 d5 26. Kh1 c5 27. Bb2 Bxf5
28. exf5 d4 29. Bc1 a4 30. Bxf4 Qxf4 31. Bd5 Rxe1 32. Rxe1 Qh4 33. Rb1 Qxh3+
34. Kg1 d3 35. Qg2 Qxf5 36. bxa4 b4 37. Nd2 Bd6 38. Rf1 Bf4 39. axb4 cxb4 40.
a5 Re8 41. Ne4 d2 42. Nxd2 Re3 43. Ne4 g6 44. a6 Ra3 45. Nd6 Qf6 46. Nxf7 Kg7
47. Qf2 Be3 48. Qxe3 Rxe3 49. Rxf6 Kxf6 50. a7 Ra3 51. a8=Q Rxa8 52. Bxa8 Kxf7
53. Bd5+ Kf6 54. c5 Ke5 55. Bb3 h5 56. Kf2 g5 57. Kg3 g4 58. Kh4 Kf6 59. Bc4
Ke7 60. Bd5 Kd7 61. Kxh5 g3 62. Kg4 g2 63. Bxg2 b3 64. Kf5 b2 65. Be4 b1=Q 66.
Bxb1 Kc6 1/2-1/2

[Event "Moscow-ch Superfinal (Women)"]
[Site "Moscow"]
[Date "2014.01.30"]
[Round "2"]
[White "Gunina, Valentina"]
[Black "Kosteniuk, Alexandra"]
[Result "1-0"]
[WhiteElo "2503"]
[BlackElo "2527"]
[PlyCount "135"]
[EventDate "2014.01.30"]
[EventType "tourn (rapid)"]
[EventRounds "9"]
[EventCountry "RUS"]
[EventCategory "4"]
[SourceTitle "CBM 158 Extra"]
[Source "ChessBase"]
[SourceDate "2014.02.28"]
[SourceVersion "1"]
[SourceVersionDate "2014.02.28"]
[SourceQuality "1"]

1. d4 d5 2. c4 e6 3. Nf3 Nf6 4. Nc3 Be7 5. Bg5 h6 6. Bh4 O-O 7. e3 b6 8. cxd5
Nxd5 9. Bxe7 Qxe7 10. Nxd5 exd5 11. Rc1 Be6 12. Bd3 c5 13. O-O Nd7 14. Re1 Qd6
15. Bb1 Rac8 16. dxc5 bxc5 17. Qd3 Nf6 18. e4 Qb6 19. exd5 Bxd5 20. Ne5 Be6 21.
Qc3 Rfd8 22. Nd3 Rd4 23. Ne5 Qd6 24. b3 Qd5 25. Nf3 Rg4 26. Re5 Qb7 27. h3 Rf4
28. Qe3 Nd5 29. Qd3 Kf8 30. Rxe6 fxe6 31. Ne5 Rf5 32. Re1 Kg8 33. Ng6 Rg5 34.
Qe4 Qf7 35. Ne5 Qf5 36. Qxf5 Rxf5 37. Bxf5 exf5 38. Nc4 Nc3 39. Nd6 Rc7 40. a3
f4 41. Re5 a6 42. Nc4 Nb5 43. f3 Nd4 44. Nd2 Nc2 45. Ne4 c4 46. bxc4 Nxa3 47.
c5 Nc4 48. Re8+ Kf7 49. Ra8 a5 50. Kf2 Rb7 51. Ke2 Rb2+ 52. Kd3 Ne5+ 53. Kd4
Nc6+ 54. Kd5 Ne7+ 55. Ke5 Nc6+ 56. Kd6 Nd4 57. Kd5 Nf5 58. Ra7+ Ke8 59. Rxa5
Rxg2 60. Ra8+ Kd7 61. c6+ Kc7 62. Ra7+ Kb6 63. Rb7+ Ka5 64. c7 Rc2 65. Nd6 Rd2+
66. Kc5 Rc2+ 67. Nc4+ Ka6 68. Rb6+ 1-0

[Event "Moscow-ch Superfinal (Women)"]
[Site "Moscow"]
[Date "2014.01.30"]
[Round "3"]
[White "Kosteniuk, Alexandra"]
[Black "Girya, Olga"]
[Result "1-0"]
[WhiteElo "2527"]
[BlackElo "2438"]
[PlyCount "130"]
[EventDate "2014.01.30"]
[EventType "tourn (rapid)"]
[EventRounds "9"]
[EventCountry "RUS"]
[EventCategory "4"]
[SourceTitle "CBM 158 Extra"]
[Source "ChessBase"]
[SourceDate "2014.02.28"]
[SourceVersion "1"]
[SourceVersionDate "2014.02.28"]
[SourceQuality "1"]

1. e4 c5 2. Nf3 e6 3. d4 cxd4 4. Nxd4 Nc6 5. Nc3 Qc7 6. Be2 Nf6 7. Be3 Be7 8.
f4 d6 9. Qd2 Nxd4 10. Bxd4 e5 11. Be3 a6 12. a4 O-O 13. O-O Be6 14. Rfd1 Rac8
15. f5 Bd7 16. a5 Bc6 17. Bf3 h6 18. Qf2 Nh7 19. Bb6 Qb8 20. h4 Bd7 21. Nd5 Bd8
22. g4 Bc6 23. Nc3 Bxb6 24. axb6 Rcd8 25. Qg3 Rd7 26. g5 hxg5 27. hxg5 Qd8 28.
f6 Qxb6+ 29. Kh2 Qe3 30. Rg1 Qf4 31. Qxf4 exf4 32. Ra5 Re8 33. Rf5 Re5 34. Rxf4
Rxg5 35. Bg4 Rc7 36. fxg7 Kxg7 37. Rd1 Nf6 38. Bh3 Re7 39. Rxd6 Nh5 40. Rh4 Nf6
41. Bf5 Re5 42. Rd4 Rc5 43. Rd3 b5 44. Rd2 b4 45. Ne2 a5 46. Nd4 Bb7 47. Re2
Re5 48. Rf4 a4 49. Ref2 Re8 50. Bh3 Rg6 51. Nf5+ Kg8 52. Nd6 Re7 53. Nxb7 Rxb7
54. Rxf6 Rxf6 55. Rxf6 Rc7 56. c3 bxc3 57. bxc3 Rxc3 58. Ra6 a3 59. Bf5 Kg7 60.
Kg2 Kf8 61. Kf2 Ke7 62. Ke2 Rg3 63. Kd2 Rf3 64. Kc2 Re3 65. Kb1 Ke8 1-0

[Event "Moscow-ch Superfinal (Women)"]
[Site "Moscow"]
[Date "2014.01.30"]
[Round "4"]
[White "Drozdova, Dina"]
[Black "Kosteniuk, Alexandra"]
[Result "1/2-1/2"]
[WhiteElo "2241"]
[BlackElo "2527"]
[PlyCount "166"]
[EventDate "2014.01.30"]
[EventType "tourn (rapid)"]
[EventRounds "9"]
[EventCountry "RUS"]
[EventCategory "4"]
[SourceTitle "CBM 158 Extra"]
[Source "ChessBase"]
[SourceDate "2014.02.28"]
[SourceVersion "1"]
[SourceVersionDate "2014.02.28"]
[SourceQuality "1"]

1. d4 Nf6 2. c4 e6 3. Nc3 Bb4 4. e3 O-O 5. Nge2 d5 6. a3 Be7 7. cxd5 exd5 8. g3
c6 9. Bg2 a5 10. Qc2 Na6 11. O-O b6 12. e4 dxe4 13. Nxe4 Bb7 14. Nxf6+ Bxf6 15.
Be3 Rc8 16. Rfd1 Nc7 17. Nf4 Bg5 18. Qb3 Bxf4 19. Bxf4 Nd5 20. Bxd5 cxd5 21.
Rac1 Re8 22. Rxc8 Bxc8 23. Qc3 Qe7 24. Bd2 Be6 25. Re1 Qd7 26. Qb3 Qd6 27. Bf4
Qc6 28. f3 a4 29. Qd3 Qd7 30. Kf2 h6 31. g4 Rc8 32. Rc1 Rc4 33. Rxc4 dxc4 34.
Qe3 Qb5 35. Qd2 Bd5 36. Qc3 h5 37. h3 Qc6 38. Qe3 hxg4 39. hxg4 Qb5 40. Qc3 f6
41. Bd6 Kf7 42. Bf4 Be6 43. Bd2 Qd5 44. Qe3 Qd8 45. Qf4 Bd5 46. Qe3 Qh8 47. Qf4
Qh7 48. Bc3 Qc2+ 49. Kg3 Qd1 50. Qe3 g5 51. Bb4 Qh1 52. Qe7+ Kg6 53. Qe8+ Bf7
54. Qe4+ Kg7 55. Qe1 Qh8 56. Kg2 Qd8 57. Qe4 Qd7 58. Qe3 Be6 59. Kg3 Kf7 60.
Qe4 Kg7 61. Qe3 Kg6 62. Qe4+ Kg7 63. Qe3 Bf7 64. Kg2 Qc7 65. Qe4 Qd8 66. Qe3
Qh8 67. Qe4 Qd8 68. Qe3 Qd5 69. Qe4 Qb5 70. Qe3 Qc6 71. Qe4 Bd5 72. Qe3 Kg6 73.
Kg3 Qc7+ 74. Kg2 Qd7 75. Kg3 Qc7+ 76. Kg2 f5 77. gxf5+ Kxf5 78. Bd2 Qg7 79. Kg3
Qc7+ 80. Qe5+ Qxe5+ 81. dxe5 Kxe5 82. Bxg5 c3 83. bxc3 Kf5 1/2-1/2

[Event "Moscow-ch Superfinal (Women)"]
[Site "Moscow"]
[Date "2014.01.30"]
[Round "5"]
[White "Kosteniuk, Alexandra"]
[Black "Charochkina, Daria"]
[Result "0-1"]
[WhiteElo "2527"]
[BlackElo "2359"]
[PlyCount "76"]
[EventDate "2014.01.30"]
[EventType "tourn (rapid)"]
[EventRounds "9"]
[EventCountry "RUS"]
[EventCategory "4"]
[SourceTitle "CBM 158 Extra"]
[Source "ChessBase"]
[SourceDate "2014.02.28"]
[SourceVersion "1"]
[SourceVersionDate "2014.02.28"]
[SourceQuality "1"]

1. e4 c6 2. d4 d5 3. e5 Bf5 4. Nf3 e6 5. Be2 Nd7 6. O-O Ne7 7. c3 Bg6 8. Nbd2
Nf5 9. Nb3 Be7 10. g4 Nh4 11. Nxh4 Bxh4 12. f4 Be4 13. Bd3 Bxd3 14. Qxd3 h6 15.
f5 Qe7 16. Qh3 g5 17. Be3 O-O-O 18. Rf3 f6 19. fxe6 Qxe6 20. Rf5 h5 21. Raf1
hxg4 22. Qxg4 fxe5 23. dxe5 Nxe5 24. Qg2 g4 25. Nd4 Qe7 26. Bf4 Nd3 27. Qxg4
Qd7 28. Bg3 Bxg3 29. Qxg3 Rdg8 30. Rg5 Qh7 31. Ne6 Nc5 32. Rxg8+ Rxg8 33. Ng5
Qh5 34. Kh1 Rxg5 35. Qd6 Nd7 36. Qe6 Qg6 37. Qh3 Qe4+ 38. Rf3 Kc7 0-1

[Event "Moscow-ch Superfinal (Women)"]
[Site "Moscow"]
[Date "2014.01.31"]
[Round "6"]
[White "Vasilevich, Irina"]
[Black "Kosteniuk, Alexandra"]
[Result "0-1"]
[WhiteElo "2365"]
[BlackElo "2527"]
[PlyCount "61"]
[EventDate "2014.01.30"]
[EventType "tourn (rapid)"]
[EventRounds "9"]
[EventCountry "RUS"]
[EventCategory "4"]
[SourceTitle "CBM 158 Extra"]
[Source "ChessBase"]
[SourceDate "2014.02.28"]
[SourceVersion "1"]
[SourceVersionDate "2014.02.28"]
[SourceQuality "1"]

1. c4 e6 2. g3 d5 3. Bg2 Nf6 4. Nf3 dxc4 5. Qa4+ Nbd7 6. Qxc4 c5 7. Qc2 b6 8.
O-O Bb7 9. d3 Bd6 10. Nc3 Rc8 11. e4 O-O 12. Qe2 Ne5 13. Nxe5 Bxe5 14. f4 Bd4+
15. Kh1 Ba6 16. Rd1 e5 17. Qf3 Rc6 18. Ne2 Rd6 19. Nxd4 Rxd4 20. fxe5 Nd7 21.
Bf4 Qe7 22. Rd2 Nxe5 23. Bxe5 Qxe5 24. Rad1 Rfd8 25. b3 f6 26. Bf1 Bb7 27. Qf2
f5 28. Bg2 fxe4 29. dxe4 Rxd2 30. Rxd2 Qa1+ 31. Bf1 0-1

[Event "Moscow-ch Superfinal (Women)"]
[Site "Moscow"]
[Date "2014.01.31"]
[Round "7"]
[White "Kosteniuk, Alexandra"]
[Black "Kashlinskaya, Alina"]
[Result "1-0"]
[WhiteElo "2527"]
[BlackElo "2437"]
[PlyCount "43"]
[EventDate "2014.01.30"]
[EventType "tourn (rapid)"]
[EventRounds "9"]
[EventCountry "RUS"]
[EventCategory "4"]
[SourceTitle "CBM 158 Extra"]
[Source "ChessBase"]
[SourceDate "2014.02.28"]
[SourceVersion "1"]
[SourceVersionDate "2014.02.28"]
[SourceQuality "1"]

1. e4 e5 2. Nf3 Nf6 3. Nc3 Nc6 4. Be2 d5 5. exd5 Nxd5 6. O-O Nxc3 7. bxc3 Bd6
8. Rb1 O-O 9. Re1 e4 10. Nd4 Ne5 11. Nb5 Bc5 12. d4 exd3 13. cxd3 c6 14. d4 Bf5
15. Rb2 cxb5 16. Rxb5 Rc8 17. Rxc5 Rxc5 18. dxc5 Nd3 19. Bxd3 Bxd3 20. Qf3 Re8
21. Rxe8+ Qxe8 22. Qxd3 1-0

[Event "Moscow-ch Superfinal (Women)"]
[Site "Moscow"]
[Date "2014.01.31"]
[Round "8"]
[White "Kovalevskaya, Ekaterina"]
[Black "Kosteniuk, Alexandra"]
[Result "0-1"]
[WhiteElo "2424"]
[BlackElo "2527"]
[PlyCount "124"]
[EventDate "2014.01.30"]
[EventType "tourn (rapid)"]
[EventRounds "9"]
[EventCountry "RUS"]
[EventCategory "4"]
[SourceTitle "CBM 158 Extra"]
[Source "ChessBase"]
[SourceDate "2014.02.28"]
[SourceVersion "1"]
[SourceVersionDate "2014.02.28"]
[SourceQuality "1"]

1. e4 e5 2. Nf3 Nc6 3. Nc3 Nf6 4. g3 Bc5 5. Bg2 d6 6. d3 Be6 7. Be3 Qd7 8. Bxc5
dxc5 9. Ng5 Bg4 10. f3 Bh5 11. h4 h6 12. Nh3 Nd4 13. Nf2 Qd6 14. g4 Bg6 15. Qd2
O-O-O 16. O-O-O Kb8 17. Ne2 Qa6 18. Kb1 Nd7 19. h5 Bh7 20. c4 Nb6 21. Nxd4 Rxd4
22. b3 f6 23. f4 exf4 24. Nh3 Nd7 25. Nxf4 Ne5 26. Qe2 Qd6 27. Rhf1 Rd8 28. Kc2
a5 29. Rf2 Qd7 30. Rd2 a4 31. Bh3 Nc6 32. g5 Qe7 33. gxf6 gxf6 34. Kb1 Bxe4 35.
Bg2 Bxg2 36. Qxe7 Nxe7 37. Nxg2 axb3 38. Rxf6 bxa2+ 39. Kxa2 Rxd3 40. Rxd3 Rxd3
41. Nh4 Rh3 42. Ng6 Nc6 43. Rf5 Nb4+ 44. Kb2 b6 45. Ne5 Nd3+ 46. Nxd3 Rxd3 47.
Rf6 Rd6 48. Rg6 Kc8 49. Kc3 Kd7 50. Rg7+ Ke6 51. Rxc7 Kf6 52. Kb3 Kg5 53. Ka4
Kxh5 54. Kb5 Rg6 55. Rb7 Kg5 56. Rxb6 Rxb6+ 57. Kxb6 h5 58. Kxc5 h4 59. Kb6 h3
60. c5 h2 61. c6 h1=Q 62. c7 Qa8 0-1

[Event "Moscow-ch Superfinal (Women)"]
[Site "Moscow"]
[Date "2014.01.31"]
[Round "9"]
[White "Kosteniuk, Alexandra"]
[Black "Gvanceladze, Anna"]
[Result "1-0"]
[WhiteElo "2527"]
[BlackElo "1978"]
[PlyCount "98"]
[EventDate "2014.01.30"]
[EventType "tourn (rapid)"]
[EventRounds "9"]
[EventCountry "RUS"]
[EventCategory "4"]
[SourceTitle "CBM 158 Extra"]
[Source "ChessBase"]
[SourceDate "2014.02.28"]
[SourceVersion "1"]
[SourceVersionDate "2014.02.28"]
[SourceQuality "1"]

1. e4 c6 2. d4 d5 3. e5 Bf5 4. Nf3 e6 5. Be2 Ne7 6. O-O Nd7 7. Nbd2 Bg6 8. Nb3
Nf5 9. a4 Be7 10. a5 a6 11. g4 Nh4 12. Nxh4 Bxh4 13. f4 f5 14. exf6 Bxf6 15.
Bd3 Bf7 16. Qf3 Qc7 17. f5 e5 18. dxe5 Bxe5 19. Bf4 Bxf4 20. Qxf4 Qxf4 21. Rxf4
O-O-O 22. Re1 Rde8 23. Rxe8+ Rxe8 24. Kf2 Ne5 25. Be2 Kc7 26. Nc5 Nd7 27. Nd3
c5 28. b3 Kd6 29. g5 Nb8 30. f6 g6 31. Rh4 Bg8 32. b4 Nd7 33. Rf4 Bf7 34. Bg4
c4 35. Nc1 Ne5 36. Ne2 Nc6 37. c3 Ne5 38. Nc1 Nc6 39. Bf3 Ke5 40. Rh4 h5 41.
gxh6 g5 42. Rg4 Kxf6 43. h4 gxh4 44. Rxh4 Ne5 45. Bd1 Rh8 46. Rh1 Kg5 47. Ke3
Rxh6 48. Rxh6 Kxh6 49. Kd4 Kg5 1-0

[Event "SUI-chT"]
[Site "Switzerland"]
[Date "2014.06.15"]
[Round "4.1"]
[White "Huebner, Robert"]
[Black "Kosteniuk, Alexandra"]
[Result "1/2-1/2"]
[WhiteElo "2609"]
[BlackElo "2527"]
[PlyCount "167"]
[EventDate "2014.03.16"]
[EventType "team-tourn"]
[EventRounds "9"]
[EventCountry "SUI"]
[SourceTitle "EXT 2015"]
[Source "ChessBase"]
[SourceDate "2014.11.20"]
[SourceVersion "1"]
[SourceVersionDate "2014.11.20"]
[SourceQuality "1"]
[WhiteTeam "Luzern"]
[BlackTeam "Trubschachen"]
[WhiteTeamCountry "SUI"]
[BlackTeamCountry "SUI"]

1. d4 Nf6 2. Nf3 e6 3. g3 b6 4. Bg2 Bb7 5. O-O Be7 6. c4 O-O 7. Nc3 Ne4 8. Bd2
Nxc3 9. Bxc3 Be4 10. d5 Bf6 11. Rc1 c6 12. Ne5 Bxg2 13. Kxg2 exd5 14. cxd5 Qe7
15. Nf3 c5 16. Re1 d6 17. e4 Nd7 18. Qd3 Ne5 19. Nxe5 Bxe5 20. f4 Bxc3 21. bxc3
f6 22. Rc2 Rae8 23. Rce2 Qc7 24. c4 Rf7 25. h4 Rfe7 26. Qc3 Qd7 27. e5 fxe5 28.
fxe5 dxe5 29. Rxe5 Qd6 30. Rxe7 Rxe7 31. Rxe7 Qxe7 32. Qd3 Kf7 33. Qf5+ Ke8 34.
Kf3 a6 35. Qc8+ Kf7 36. Qxa6 Qf6+ 37. Kg2 Qb2+ 38. Kh3 Qb1 39. Qb7+ Kf8 40.
Qb8+ Ke7 41. Qe5+ Kd8 42. Qf4 Ke8 43. a4 h5 44. Qf3 Kd7 45. g4 hxg4+ 46. Qxg4+
Kd8 47. Qf4 g6 48. Kg4 Qg1+ 49. Qg3 Qd4+ 50. Kg5 Qxc4 51. Qd6+ Kc8 52. Qc6+ Kb8
53. Qxb6+ Kc8 54. Qc6+ Kd8 55. Qd6+ Kc8 56. a5 Qc1+ 57. Qf4 Qa1 58. Qf8+ Kd7
59. Qf7+ Kc8 60. Qe8+ Kb7 61. Qc6+ Kb8 62. Qb6+ Ka8 63. Qxc5 Qe5+ 64. Kxg6 Qg3+
65. Kf5 Qh3+ 66. Ke5 Qg3+ 67. Ke6 Qg6+ 68. Kd7 Qf7+ 69. Qe7 Qxd5+ 70. Ke8 Qh5+
71. Kd7 Qd5+ 72. Qd6 Qf7+ 73. Kd8 Qg8+ 74. Kc7 Qf7+ 75. Qd7 Qf4+ 76. Kb6 Qf2+
77. Kc7 Qf4+ 78. Qd6 Qf7+ 79. Kc6 Qc4+ 80. Qc5 Qe6+ 81. Kb5 Qb3+ 82. Qb4 Qd5+
83. Kb6 Qd6+ 84. Qxd6 1/2-1/2